000 00617nam a2200205Ia 4500
008 240729s9999 xx 000 0 und d
022 _a2455-4626
245 0 _aBrain Circulation
260 _aIndia
260 _bWolters Kluwer Medknow Publications
650 _a Diseases of the circulatory (Cardiovascular) system
650 _a Internal medicine
650 _a Medical technology | Medicine
650 _a Medicine (General)
650 _a Specialties of internal medicine
650 _aMedicine
856 _uhttps://doaj.org/toc/4ac58a4ba0634b2bb2a0c82e6627744e
942 _2ddc
942 _cDOAJEJ
999 _c71542
_d71542
945 _a1
_bMadushi Gamage
_c1
_dMadushi Gamage